| 000 | 01202nam a2200277 i 4500 | ||
|---|---|---|---|
| 001 | 000045454 | ||
| 003 | DO-SdBNP | ||
| 005 | 20250915144130.0 | ||
| 007 | ta | ||
| 008 | 150326s2013 dr 000 0 spa d | ||
| 020 | _a9789945475807 | ||
| 040 |
_aDO-SdBNP _bspa _cBNPHU _erda |
||
| 041 | _aspa | ||
| 082 | 4 |
_axxx _bxxx _222 |
|
| 100 |
_aDe la Mota, Nikauly _eautor _4aut. _980440 |
||
| 245 | 1 | 0 |
_aSí, una mujer puede / _cNikauly de la Mota. |
| 264 | 4 |
_aSanto Domingo : _bEditora Nacional, _c©2013. |
|
| 300 |
_a118 páginas ; _c23 cm. |
||
| 336 |
_atexto _btxt _2rdacontent |
||
| 337 |
_asin mediación _bn _2rdamedia |
||
| 338 |
_avolumen _bnc _2rdacarrier |
||
| 500 | _aIncluye datos biográficos de la autora en la solapa de la cubierta | ||
| 505 | 0 |
_aUna mujer con balance en su vida -- _tAutoestima y seguridad en ti misma -- _tDel deseo a la acción -- _tLa administración del dinero -- _tLa importancia de la imagen en la mujer -- _tUna mujer de altura siempre está condenada a lo divino -- _tLos hombres. ¿un dolor de cabeza? -- _tMujeres realizadas e hijos triunfadores -- _tAla basura lo que no sirve -- _tEmpaca y comienza tu viaje . |
|
| 590 | _aInventariado, 2019/VM | ||
| 942 |
_2ddc _cLBS1 |
||
| 999 |
_c44943 _d44943 |
||